Mosaicos israelitas bizantinos
I tiakina i:
| Kaituhi matua: | |
|---|---|
| Hōputu: | Pukapuka |
| Reo: | Pāniora |
| I whakaputaina: |
Ciudad de México
Hermes
1965
|
| Rangatū: | Colección Unesco-Hermes Bolsilibros de Arte
|
| Ngā marau: | |
| Ngā Tūtohu: |
Tāpirihia he Tūtohu
Kāore He Tūtohu, Me noho koe te mea tuatahi ki te tūtohu i tēnei pūkete!
|
MARC
| LEADER | 00000nam a2200000 a 4500 | ||
|---|---|---|---|
| 001 | UCO1846 | ||
| 003 | CL-VaPUC | ||
| 008 | 000519e19650000MX |||||||||||||||||spa|d | ||
| 082 | 0 | 4 | |a 738.5 |b KIT |2 21 |
| 100 | 0 | |a Kitzinger, Ernst |e author |9 444390 | |
| 245 | 1 | 0 | |a Mosaicos israelitas bizantinos |
| 300 | |a 24 p | ||
| 942 | |c BK | ||
| 945 | |d 20000519 00:00:00 |a rbrito | ||
| 260 | |a Ciudad de México |b Hermes |c 1965 | ||
| 650 | 0 | |a Mosaicos |9 267156 | |
| 650 | 0 | |a Arte judío |9 444391 | |
| 650 | 7 | |a MOSAICOS BIZANTINOS |2 CL-VaPUC |9 444392 | |
| 651 | 0 | |a Israel |9 314378 | |
| 583 | |a last modification |c 20000519 00:00:00 |k Rodrigo Vera | ||
| 490 | 0 | |a Colección Unesco-Hermes Bolsilibros de Arte | |
| 999 | |c 288438 |d 288436 | ||
| 952 | |0 0 |1 0 |4 0 |6 738_500000000000000_KIT_1965 |7 0 |8 P |9 336109 |a BIBARQ |b BIBARQ |d 2019-11-20 |i 3620611 |o 738.5 KIT 1965 |p 3620611 |r 2025-01-20 |w 2019-11-20 |y BK |k ARQ | ||